| 000 | 00482nam a2200169 i 4500 | ||
|---|---|---|---|
| 001 | 23755 | ||
| 003 | ES-MaACL | ||
| 005 | 20240203063045.0 | ||
| 007 | t| | ||
| 008 | 021212s1983 sp |||| | spa d | ||
| 100 | 1 |
_aAmestoy Eguiguren, Ignacio, _d1947- _921210 |
|
| 245 | 1 | 0 |
_aDionisio _b: una pasión española / _cIgnacio Amestoy Eguiguren. |
| 260 |
_a[Madrid] : _bAkal, _c[1983] |
||
| 300 |
_a78 p. ; _c21 cm. |
||
| 852 |
_aES-MaACL _jL-4671 |
||
| 999 |
_c23755 _d23755 |
||